Diseño en ingeniería mecánica
Uloženo v:
| Hlavní autoři: | , |
|---|---|
| Médium: | Kniha |
| Jazyk: | španělština |
| Vydáno: |
Ciudad de México
McGraw-Hill
1985
|
| Vydání: | 3a. ed |
| Témata: | |
| Tagy: |
Přidat tag
Žádné tagy, Buďte první, kdo vytvoří štítek k tomuto záznamu!
|
MARC
| LEADER | 00000nam a2200000 a 4500 | ||
|---|---|---|---|
| 001 | UCW1986 | ||
| 003 | CL-VaPUC | ||
| 008 | 891114e19850000MX |||||||||||||||||spa|d | ||
| 082 | 0 | 4 | |a 621.815 |b SHI |2 21 |
| 100 | 0 | |a Shigley, Joseph Edward |e author |9 305955 | |
| 700 | 0 | |a Mitchell, Larry D |e author |9 305956 | |
| 245 | 1 | 0 | |a Diseño en ingeniería mecánica |
| 250 | |a 3a. ed | ||
| 300 | |a 915 p | ||
| 942 | |c BK | ||
| 945 | |d 19891114 00:00:00 | ||
| 260 | |a Ciudad de México |b McGraw-Hill |c 1985 | ||
| 650 | 7 | |a MAQUINARIA DISEÑO |2 CL-VaPUC |9 305957 | |
| 650 | 0 | |a Ingeniería mecánica |9 262089 | |
| 583 | |a last modification |c 19891114 00:00:00 |k Rodrigo Vera | ||
| 999 | |c 216669 |d 216667 | ||